000 00372nam a2200157Ia 4500
008 151213s9999 xx 000 0 und d
100 _aD. S. Yall
245 _aMarketing Research
_cD. S. Yall
250 _a6th
260 _aNew York
_bMc Graw Hill
_c1993
300 _a2709 p.
650 _aMarketing
650 _aMarketing
700 _aD. S. Yall
999 _c1820
_d1820